| 000 | 00000nam##2200000za#4500 |
| 001 | 9.663115 |
| 003 | CaOODSP |
| 005 | 20200330092116 |
| 007 | ta |
| 008 | 150407|2001||||xxc||||| f|0| 0 eng|d |
| 020 | |a0-662-66014-5 |
| 040 | |aCaOODSP|beng |
| 041 | |aeng |
| 041 | |afre |
| 043 | |an-cn--- |
| 086 | 1 |aEn40-644/2001 |
| 110 | 1 |aCanada. |bEnvironment Canada. |bEnvironmental Protection Service. |
| 245 | 10|aIssues related to benzene in eastern Montreal / |cby André Germain, Jacques Rousseau et Tom Dann. Issued by Environmental Protection Branch, Quebec Region. |
| 260 | |aMontreal - Quebec : |bEnvironment Canada. |c2001. |
| 300 | |aEnglish text, iv, 16p. : |bfigs., references, tables ; |c28 cm. |
| 563 | |aRing binding |
| 590 | |a02-31|b2002-08-02 |
| 690 | 07|aAir pollution|2gcpds |
| 690 | 07|aEnvironmental impact assessment|2gcpds |
| 690 | 07|aToxic substances|2gcpds |
| 720 | 1 |aRousseau, Jacques |
| 720 | 1 |aGermain, André |
| 720 | 1 |aDann, Tom |
| 776 | 0#|tProblématique du benzène dans l'est de Montréal / |w(CaOODSP)9.630729 |
| 776 | 0#|tIssues related to benzene in eastern Montreal / |w(CaOODSP)9.686241 |
| 792 | |tProblématique du benzène dans l'est de Montréal / |efre|w(CaOODSP)9.663116 |